00348nam a22000977a 4500008004100000020001500041082001600056110004000072245013000112300000800242230620b xxu||||| |||| 00| 0 eng d a0160471583 a323.96bCIR bCommittee on international Relation aHearing before the subcommittee on Africa of the Committee on International Relations House of Representatives b104 Congress a95p